Zgadnij piłkarza po podpowiedziach - Statystyki

Ogólne statystyki
  • Ten quiz został rozwiązany 1 580 razy
  • Średni wynik to 4 z 16
Statystyki odpowiedzi
Podpowiedź Piłkarz % Poprawnych
Żółw ninja | Porażka | EURO Mbappe
64%
Argentyna | Skrzydłowy | Paryż Di Maria
57%
Cavani | Rzut Karny | Konflikt Neymar
56%
Tak | Ballon d'or |Champions League Ronaldo
55%
Zdrada | Belgia | Madryt Courtois
37%
Czerwony | Kapitan | Głowa Ramos
31%
Świnia | Łeb | Klasyk Figo
20%
Taniec | Comeback | Bohater Dudek
13%
Sensacja | Strzelec | Premier League Vardy
10%
Kontuzja | Fortnite | Wielki Transfer Dembele
9%
Dolary | "Miłość" | Mediolan Donarumma
6%
Mistrz | Bramka | Zmarnowany potencjał Gotze
3%
Talent | Ameryka | Królewscy Valverde
3%
Prezes | Kontuzja | Ratunek Błaszczykowski
2%
Mem | Bartomeu | Transfer Braithwaite
2%
Byk | Pomówienie | Rasizm Glik
2%
Nie znaleziono quizów pasujących do podanych kryteriów
Rozkład punktacji
Procent ludzi z każdym wynikiem
Percentyl według liczby udzielonych odpowiedzi
Twoja historia wyników
Nie rozwiązałeś tego quizu